Financial management of Panchayati Raj system / (Record no. 27850)

MARC details
000 -LEADER
fixed length control field 00991nam a22002537a 4500
005 - DATE AND TIME OF LATEST TRANSACTION
control field 20090624143421.0
008 - FIXED-LENGTH DATA ELEMENTS--GENERAL INFORMATION
fixed length control field 090624t xxu||||| |||| 00| 0 eng d
010 ## - LCCN (DPL NO)
LC control number ENG-94228
020 ## - INTERNATIONAL STANDARD BOOK NUMBER
International Standard Book Number 9788184570540
Terms of availability 850.00
035 ## - SYSTEM CONTROL NUMBER
System control number EN-77761
037 ## - SOURCE OF ACQUISITION
Source of stock number/acquisition DBAD / VEN
040 ## - CATALOGING SOURCE
Original cataloging agency dpl
Language of cataloging English
082 ## - DEWEY DECIMAL CLASSIFICATION NUMBER
Classification number 352.10954
245 ## - TITLE STATEMENT
Title Financial management of Panchayati Raj system /
Statement of responsibility, etc edited by M.R. Biju
260 ## - PUBLICATION, DISTRIBUTION, ETC. (IMPRINT)
Place of publication, distribution, etc New Delhi
Name of publisher, distributor, etc Kanishka Publishers, Distributors
Date of publication, distribution, etc 2008
270 ## - ADDRESS
Address 4697/5-21A, Ansari Road, Darya Ganj,
City New Delhi
Postal code 110002
300 ## - PHYSICAL DESCRIPTION
Extent x, 333p.
Dimensions 22cm(Hb)
500 ## - GENERAL NOTE
General note Includes index
650 ## - SUBJECT ADDED ENTRY--TOPICAL TERM
Topical term or geographic name as entry element Local finance
Geographic subdivision India
700 ## - ADDED ENTRY--PERSONAL NAME
Personal name Biju, M.R.
942 ## - ADDED ENTRY ELEMENTS (KOHA)
Source of classification or shelving scheme Dewey Decimal Classification
Item type English Books
Call number suffix FIN
Classification part 352.10954
Holdings
Withdrawn status Lost status Source of classification or shelving scheme Damaged status Not for loan Collection code Home library Current library Date acquired Source of acquisition Cost, normal purchase price Total Checkouts Full call number Barcode Date last seen Copy number Cost, replacement price Koha item type
    Dewey Decimal Classification   Not For Loan Non-fiction D.B.Act.Division D.B.Act.Division 24/06/2009 DBAD / VEN 850.00   352.10954 FIN EN-77761 24/06/2009 1 850.00 English Books

© Delhi Public Library
Hit Counter
free hit counter